Hozier - First Time - Statistics

General Stats
  • This quiz has been taken 226 times
  • The average score is 275 of 348
Answer Stats
Answer % Correct
the
99%
The
99%
you
99%
a
98%
an
97%
first
97%
I
97%
me
97%
so
97%
some
97%
Some
97%
that
97%
time
97%
call
96%
of
96%
called
95%
to
95%
To
95%
Baby
94%
died
94%
part
94%
And
93%
and
93%
have
93%
must
93%
alive
92%
came
90%
it
90%
My
90%
my
90%
on
89%
be
87%
name
87%
then
87%
river
86%
sound
86%
all
85%
kissed
84%
would
84%
as
83%
As
83%
But
83%
but
83%
by
83%
drank
83%
dry
83%
underground
83%
awful
82%
was
82%
mouth
81%
such
81%
When
81%
your
81%
1 Remember
80%
with
80%
always
79%
here
79%
what
79%
heard
78%
hit
78%
life
78%
from
77%
if
77%
In
77%
mother
77%
told
77%
were
77%
ears
76%
for
76%
same
76%
stomach
76%
Undiscovered
76%
before
75%
body
75%
once
75%
out
75%
soul
75%
that's
75%
How
74%
like
74%
flowers
73%
left
73%
again
72%
Ain't
72%
Uneasy
72%
ally
71%
ever
71%
about
70%
any
70%
felt
70%
it's
70%
its
70%
last
70%
music
69%
nameless
69%
owe
69%
been
68%
quick
67%
shall
67%
softer
67%
think
67%
giftin'
66%
Lethe
66%
unearth
66%
living
65%
this
65%
This
65%
sight
64%
spoke
64%
them
64%
things
64%
without
64%
days
63%
Each
63%
just
63%
mostly
63%
new
63%
nor
63%
simple
63%
unknowin'
63%
lived
62%
These
62%
went
62%
anyway
61%
far
61%
ripped
61%
soothe
61%
suffering
61%
Liffey
60%
stem
60%
either
59%
now
59%
only
59%
reachin'
59%
share
59%
space
59%
stayed
58%
sunlight
58%
dying
57%
Sensing
57%
up
57%
final
56%
blindly
55%
itself
54%
absence
53%
Infinitely
53%
Bloomin'
52%
creation
52%
Drying
52%
every
52%
colour
51%
drowning
51%
has
51%
moments
51%
forth
50%
off
49%
fighting
48%
Til'
47%
Come
46%
there
46%
limits
36%
young
35%
Are
34%
emptiness
34%
keeps
34%
used
33%
our
32%
Whatever
32%
loud
31%
around
30%
perfect
29%
arguing
28%
declined
28%
guess
28%
hands
28%
genius
27%
resignation
25%
shocked
25%
mouths
23%
No matching quizzes found
Score Distribution
Percent of People with Each Score
Percentile by Number Answered
Your Score History
You have not taken this quiz